Normal view
MARC view
Entry Personal Name
001 - CONTROL NUMBER
- control field: 1050429
003 - CONTROL NUMBER IDENTIFIER
- control field: OSt
005 - DATE AND TIME OF LATEST TRANSACTION
- control field: 20260121165332.0
008 - FIXED-LENGTH DATA ELEMENTS
- fixed length control field: 260121|| aca||aabn | a|a d
040 ## - CATALOGING SOURCE
- Original cataloging agency: OSt
- Transcribing agency: OSt
100 ## - HEADING--PERSONAL NAME
- Personal name: Gustavo V. Barbosa-Cánovas, Gláucia María Pastore, Kezban Cando?an, Ilce G. Medina Meza, Suzana Caetano da Silva Lannes, Ken Buckle, Rickey Y. Yada, Amauri Rosenthal
670 ## - SOURCE DATA FOUND
- Source citation: Work cat.: (OSt)1616154: Gustavo V. Barbosa-Cánovas, Gláucia María Pastore, Kezban Cando?an, Ilce G. Medina Meza, Suzana Caetano da Silva Lannes, Ken Buckle, Rickey Y. Yada, Amauri Rosenthal, Global Food Security and Wellness
